<?xml version="1.0" encoding="UTF-8"?>
<record
    xmlns:xsi="http://www.w3.org/2001/XMLSchema-instance"
    xsi:schemaLocation="http://www.loc.gov/MARC21/slim http://www.loc.gov/standards/marcxml/schema/MARC21slim.xsd"
    xmlns="http://www.loc.gov/MARC21/slim">

  <leader>01898cam a2200349 a 4500</leader>
  <controlfield tag="003">EG-GiCUC</controlfield>
  <controlfield tag="005">20250223030859.0</controlfield>
  <controlfield tag="008">131026s2013    ua dh  f m    000 0 eng d</controlfield>
  <datafield tag="040" ind1=" " ind2=" ">
    <subfield code="a">EG-GiCUC</subfield>
    <subfield code="b">eng</subfield>
    <subfield code="c">EG-GiCUC</subfield>
  </datafield>
  <datafield tag="041" ind1="0" ind2=" ">
    <subfield code="a">eng</subfield>
  </datafield>
  <datafield tag="049" ind1=" " ind2=" ">
    <subfield code="a">Deposite</subfield>
  </datafield>
  <datafield tag="097" ind1=" " ind2=" ">
    <subfield code="a">Ph.D</subfield>
  </datafield>
  <datafield tag="099" ind1=" " ind2=" ">
    <subfield code="a">Cai01.07.06.Ph.D.2013.Ha.M</subfield>
  </datafield>
  <datafield tag="100" ind1="0" ind2=" ">
    <subfield code="a">Haidi Mohamed Abdelmoez</subfield>
  </datafield>
  <datafield tag="245" ind1="1" ind2="0">
    <subfield code="a">Multifunctional diazotroph bioformulations are biocontrol agents against common bean pests / </subfield>
    <subfield code="c">Haidi Mohamed Abdelmoez ; Supervised Mohamed Fayez Fouad Ibrahim , Mona Hussein Sayed Badawi , Nagy Yassin Abdelghafar</subfield>
  </datafield>
  <datafield tag="246" ind1="1" ind2="5">
    <subfield code="a">&#x627;&#x644;&#x645;&#x633;&#x62A;&#x62D;&#x636;&#x631;&#x627;&#x62A; &#x627;&#x644;&#x62D;&#x64A;&#x648;&#x64A;&#x629; &#x644;&#x645;&#x62B;&#x628;&#x62A;&#x627;&#x62A; &#x627;&#x644;&#x623;&#x632;&#x648;&#x62A; &#x627;&#x644;&#x62C;&#x648;&#x649; &#x645;&#x62A;&#x639;&#x62F;&#x62F;&#x629; &#x627;&#x644;&#x648;&#x638;&#x627;&#x626;&#x641; &#x643;&#x645;&#x648;&#x627;&#x62F; &#x644;&#x644;&#x645;&#x643;&#x627;&#x641;&#x62D;&#x629; &#x627;&#x644;&#x62D;&#x64A;&#x648;&#x64A;&#x629; &#x644;&#x622;&#x641;&#x627;&#x62A; &#x627;&#x644;&#x641;&#x627;&#x635;&#x648;&#x644;&#x64A;&#x627;</subfield>
  </datafield>
  <datafield tag="260" ind1=" " ind2=" ">
    <subfield code="a">Cairo : </subfield>
    <subfield code="b">Haidi Mohamed Abdelmoez , </subfield>
    <subfield code="c">2013</subfield>
  </datafield>
  <datafield tag="300" ind1=" " ind2=" ">
    <subfield code="a">87 P. : </subfield>
    <subfield code="b">charts , facsimiles ; </subfield>
    <subfield code="c">25cm</subfield>
  </datafield>
  <datafield tag="502" ind1=" " ind2=" ">
    <subfield code="a">Thesis (Ph.D.) - Cairo University - Faculty of Agriculture - Department of Microbiology</subfield>
  </datafield>
  <datafield tag="520" ind1=" " ind2=" ">
    <subfield code="a">A series of laboratory, greenhouse and field experiments were done in the present work to support common bean growth via alleviating the lethal impact of Fusarium solani and Rhizoctonia solani responsible for root rot and damping off in the legume plant. Seven of biopreparates (bio-cure B, Bio,cure F, Bio-health WGP, Rhizo-N, Symbion-N, Symbion-NG and Symbion-NR) were tested, as natural foes, for their antibiosis towards the pathogenic fungal members</subfield>
  </datafield>
  <datafield tag="530" ind1=" " ind2=" ">
    <subfield code="a">Issued also as CD</subfield>
  </datafield>
  <datafield tag="653" ind1=" " ind2="4">
    <subfield code="a">Fusarium solani</subfield>
  </datafield>
  <datafield tag="653" ind1=" " ind2="4">
    <subfield code="a">Phaseolus vulgaris</subfield>
  </datafield>
  <datafield tag="653" ind1=" " ind2="4">
    <subfield code="a">Rhizoctonia solani</subfield>
  </datafield>
  <datafield tag="700" ind1="0" ind2=" ">
    <subfield code="a">Mohamed Fayez Fouad Ibrahim , </subfield>
    <subfield code="e">Supervisor</subfield>
  </datafield>
  <datafield tag="700" ind1="0" ind2=" ">
    <subfield code="a">Mona Hussein Sayed Badawi , </subfield>
    <subfield code="e">Supervisor</subfield>
  </datafield>
  <datafield tag="700" ind1="0" ind2=" ">
    <subfield code="a">Nagy Yassin Abdelghafar , </subfield>
    <subfield code="e">Supervisor</subfield>
  </datafield>
  <datafield tag="856" ind1=" " ind2=" ">
    <subfield code="u">http://172.23.153.220/th.pdf</subfield>
  </datafield>
  <datafield tag="905" ind1=" " ind2=" ">
    <subfield code="a">Nazla</subfield>
    <subfield code="e">Revisor</subfield>
  </datafield>
  <datafield tag="905" ind1=" " ind2=" ">
    <subfield code="a">Samia</subfield>
    <subfield code="e">Cataloger</subfield>
  </datafield>
  <datafield tag="942" ind1=" " ind2=" ">
    <subfield code="2">ddc</subfield>
    <subfield code="c">TH</subfield>
  </datafield>
  <datafield tag="999" ind1=" " ind2=" ">
    <subfield code="c">43896</subfield>
    <subfield code="d">43896</subfield>
  </datafield>
  <datafield tag="952" ind1=" " ind2=" ">
    <subfield code="2">ddc</subfield>
    <subfield code="7">0</subfield>
    <subfield code="a">CUCL</subfield>
    <subfield code="b">cl210</subfield>
    <subfield code="d">2024-02-11</subfield>
    <subfield code="o">Cai01.07.06.Ph.D.2013.Ha.M</subfield>
    <subfield code="p">01010110061116000</subfield>
    <subfield code="r">2023-09-22 00:00:00</subfield>
    <subfield code="y">TH</subfield>
  </datafield>
  <datafield tag="952" ind1=" " ind2=" ">
    <subfield code="2">ddc</subfield>
    <subfield code="7">0</subfield>
    <subfield code="a">CUCL</subfield>
    <subfield code="b">cl2u8</subfield>
    <subfield code="d">2024-02-11</subfield>
    <subfield code="o">Cai01.07.06.Ph.D.2013.Ha.M</subfield>
    <subfield code="p">01020110061116000</subfield>
    <subfield code="r">2023-09-22 00:00:00</subfield>
    <subfield code="t">61116.CD</subfield>
    <subfield code="y">CD</subfield>
  </datafield>
</record>
